|
|
|
|
| LEADER |
00697nab a2200193 i 4500 |
| 001 |
acta41371 |
| 005 |
20260224081030.0 |
| 008 |
170803s2007 hu o 000 hun d |
| 022 |
|
|
|a 0237-7934
|
| 040 |
|
|
|a SZTE Egyetemi Kiadványok Repozitórium
|b hun
|
| 041 |
|
|
|a hun
|
| 100 |
1 |
|
|a Kisantal Tamás
|
| 245 |
1 |
0 |
|a Milyen az idő?
|h [elektronikus dokumentum] :
|b Jean Leduc : A történészek és az idő : elméletek, problémák, írásmódok /
|c Kisantal Tamás
|
| 260 |
|
|
|c 2007
|
| 300 |
|
|
|a 209-222
|
| 490 |
0 |
|
|a Aetas
|v 22 No. 4
|
| 695 |
|
|
|a Történetfilozófia - könyvismertetés
|
| 700 |
0 |
1 |
|a Leduc Jean
|
| 856 |
4 |
0 |
|u http://acta.bibl.u-szeged.hu/41371/1/aetas_2007_004_209-222.pdf
|z Dokumentum-elérés
|